000 00323nam a2200133Ia 4500
005 20260328104334.0
008 260328s9999||||xx |||||||||||||| ||und||
100 _aMinguet, Josep Maria
245 0 _aPaĆ­sajismo Urbano /
_cJosep Maria Minguet
260 _bMonsa
300 _a232 p.
650 _aPAISAJISMO
942 _cBK
999 _c11831
_d11831